000 00297nam a22001457a 4500
008 230414b ||||| |||| 00| 0 eng d
020 _a9780810935600
041 _aeng
080 _a7
082 _a7HAR
100 _a21
101 _aART
245 _aLOST LHASA
_cHARRER.H
942 _2udc
_cBK
999 _c59545
_d59545